| 000 | 00556nmm a2200181Ia 4500 | ||
|---|---|---|---|
| 008 | 251105s9999||||xx |||||||||||||||||und|| | ||
| 020 | _a9781558858435 | ||
| 041 | _aeng | ||
| 100 | _aIbarra, Mickey | ||
| 245 | 0 | _aLatino leaders speak: personal stories of struggle and triumph | |
| 264 |
_a[Washington, Estados Unidos] : _bArte Público Press, _c2017 |
||
| 300 | _a272 páginas | ||
| 650 | _aBiography | ||
| 700 | _aIbarra, Mickey | ||
| 700 | 1 | _a Pérez-Brown, Maria (eds.) | |
| 856 | _uhttps://public.digitaliapublishing.com/a/56054 | ||
| 942 | _cCF | ||
| 999 |
_c67053 _d67053 |
||